Udržateľnosť deficitu bežného účtu platobnej bilancie

Vývoj bežného účtu platobnej bilancie počas rokov 1993 až 1998. Vývoj kapitálového účtu platobnej bilancie počas rokov 1993 až 1998. Udržateľnosť deficitu bežného účtu. Zahraničný kapitál ako zdroj financovania deficitu bežného účtu. Koeficient k* - najvyšší prípustný koeficient zahraničného dlhu k...

ver descrição completa

Na minha lista:
Detalhes bibliográficos
Autor principal: Gavura, Miroslav
Outros Autores: Ševčovic, Peter, Vodička, Ivan
Formato: Capítulo de Livro
Idioma:eslovaco
Assuntos:
Tags: Adicionar Tag
Sem tags, seja o primeiro a adicionar uma tag!

MARC

LEADER 00000naa a2200000 4500
001 r036474
005 20221129101920.4
041 0 |a slo 
044 |a SK 
245 1 0 |a Udržateľnosť deficitu bežného účtu platobnej bilancie  |c Miroslav Gavura, Peter Ševčovic, Ivan Vodička 
520 |a Vývoj bežného účtu platobnej bilancie počas rokov 1993 až 1998. Vývoj kapitálového účtu platobnej bilancie počas rokov 1993 až 1998. Udržateľnosť deficitu bežného účtu. Zahraničný kapitál ako zdroj financovania deficitu bežného účtu. Koeficient k* - najvyšší prípustný koeficient zahraničného dlhu k HDP. Teoretické prístupy k odhadu udržateľného deficitu bežného účtu v dlhodobom časovom horizonte. 
610 2 0 |a bilancia platobná 
610 2 0 |a účty bežné 
610 2 0 |a účty kapitálové 
610 2 0 |a deficit 
610 2 0 |a 1993-1998 
100 1 |a Gavura, Miroslav 
700 1 |a Ševčovic, Peter 
700 1 |a Vodička, Ivan